000 00668nam a2200181Ia 4500
008 151018s9999 xx 000 0 und d
082 _bRBASDV34196
_a503
100 _aदिलीप सालवी
245 _a१००० विज्ञान प्रश्नोत्तरी
250 _b1
260 _bसत्साहीत्य
_c2002
300 _a167
600 _aदिलीप सालवी
630 _a१००० विज्ञान प्रश्नोत्तरी
700 _aदिलीप सालवी
730 _a१००० विज्ञान प्रश्नोत्तरी
942 _cBOOK
999 _c1033688
_d1033685